Ο θάνατος είναι αγρότης : πτυχιακή εργασία

Αποθηκεύτηκε σε:
Λεπτομέρειες βιβλιογραφικής εγγραφής
Κύριος συγγραφέας: Τσεβρένη, Ίριδα
Συγγραφή απο Οργανισμό/Αρχή: Πανεπιστήμιο Αιγαίου. Σχολή Περιβάλλοντος. Τμήμα Περιβάλλοντος
Άλλοι συγγραφείς: Βέργου, Ασημίνα, Λούμου, Αγγελική (Εισηγητής διατριβής)
Μορφή: Thesis Βιβλίο
Γλώσσα:Greek
Δημοσίευση: Μυτιλήνη : Πανεπιστήμιο Αιγαίου, Τμήμα Περιβάλλοντος, 1999
Θέματα:
Διαθέσιμο Online:http://hdl.handle.net/11610/10109
Ετικέτες: Προσθήκη ετικέτας
Δεν υπάρχουν, Καταχωρήστε ετικέτα πρώτοι!

MARC

LEADER 00000cam a2200000 i 4500
001 1/7462
008 000621s1999 gre d
035 |l 10062291 
040 |a GR-MY-UA  |b gre  |e aacr 
041 0 |a gre 
082 0 |a 338.1  |2 (22) 
100 1 |a Τσεβρένη, Ίριδα. 
245 1 2 |a Ο θάνατος είναι αγρότης :  |b πτυχιακή εργασία /  |c Ίριδα Τσεβρένη και Ασημίνα Βέργου ; επιβλέπων καθηγητής: Αγγελική Λούμου 
260 |a Μυτιλήνη :   |b Πανεπιστήμιο Αιγαίου, Τμήμα Περιβάλλοντος,   |c 1999 
300 |a 89 σ.;  |b πιν.;  |c 30 εκ. 
502 |a Πτυχιακή εργασία – Πανεπιστήμιο Αιγαίου, Λέσβος, 1999. 
504 |a Περιέχει παράρτημα και βιβλιογραφία 
650 0 0 |a Agricultural surveys. 
650 0 0 |a Agriculture  |x Economic aspects  |z Greece  |z Lesbos Island. 
650 0 0 |a Olive  |z Greece  |z Lesbos Island. 
650 0 0 |a Agriculture  |z Greece  |z Lesbos Island. 
650 0 0 |a Dissertations, Academic  |z Greece. 
700 1 |a Βέργου, Ασημίνα. 
700 1 |a Λούμου, Αγγελική.  |4 ths 
710 2 |a Πανεπιστήμιο Αιγαίου.   |b Σχολή Περιβάλλοντος.   |b Τμήμα Περιβάλλοντος. 
852 |a INST  |b LESVOS  |c DIATR  |e 20000621  |h 497  |p 005100025838  |q 005100025838  |t DIE  |y 23 
852 |a INST  |b LESVOS  |c DIATR  |e 20000621  |h 498  |p 005100025839  |q 005100025839  |t DIE  |y 23 
856 |u http://hdl.handle.net/11610/10109 
901 |a BIBL1-2000-2 
909 |a Λ  |b 080509 
909 |a Λ  |b 080510 
924 |a ΤΣΕΒΡΕΝΗ  |b ΙΡΙΔΑ  |y ΛΕΣΒΟΣ  |z 1999 
924 |a ΒΕΡΓΟΥ  |b ΑΣΗΜΙΝΑ  |y ΛΕΣΒΟΣ  |z 1999 
970 |a ΑΙΒΑΤΖΙΔΟΥ  |b ΕΛΕΝΗ  |z 2000/06/21